000 00855nas a2200277 4500
001 BR2013003503
003 BR-BrBNA
005 20231205122254.0
007 ta
008 230509b bl.|||p| |||| 00| 00por d
040 _aBR-BrBNA
_bpor
_cBiblioteca Nacional de Agricultura
041 _a(Pt)
072 _aN20
100 1 _aFernandes, H.C.
100 1 _aBurla, E.R.
100 1 _aLeite, E. da S.
100 1 _aMinette, L.J.
245 1 _aAvaliação técnica e econômica de um Harvester em diferentes condições de terreno e produtividade da floresta
650 _aEUCALIPTO
650 _aCOLHEITA
650 _aTORA
650 _aMECANIZAÇÃO AGRÍCOLA
773 0 _tScientia Forestalis (Brazil)
_xISSN 1413-9324
_g(Mar 2013), v. 41(97) p. 145-151
_wBR2013003503
909 _a202311
_bLúcia
_c55
_dLúcia Elande
942 _2AGRIS
_n0
_cANA
999 _c227800
_d227800